| 000 | 00323nam a22001337a 4500 | ||
|---|---|---|---|
| 020 | _a9781472324245 | ||
| 040 | _cNUST | ||
| 082 |
_a745.5 _bMAK |
||
| 100 |
_aParragon _9122902 |
||
| 245 |
_aMake Stuff: _bMake It Wear It, Love it |
||
| 260 |
_aNewYork: _bParragon, _c2013 |
||
| 650 |
_aMake Stuff _9122900 |
||
| 942 |
_2ddc _cBK |
||
| 999 |
_c609285 _d609285 |
||